[Event "Elista ol (Men)"]
[Site "Elista"]
[Date "1998.10.04"]
[Round "6"]
[White "Sunye Neto, Jaime"]
[Black "Rogozenko, Dorin"]
[Result "1/2-1/2"]
[WhiteElo "2520"]
[BlackElo "2435"]

1.c4 e5 2.g3 Nf6 3.Bg2 d5 4.cxd5 Nxd5 5.Nc3 Nb6 6.Nf3 Nc6 7.O-O Be7 8.b3 O-O
9.Bb2 f5 10.d3 Be6 11.Rc1 Bf6 12.Qc2 Nd4 13.Qb1 Nxf3+ 14.Bxf3 c6 15.b4 Rf7
16.Qa1 Qd6 17.b5 c5 18.a4 a5 19.bxa6 Rxa6 20.a5 Nd5 21.Nxd5 Bxd5 22.Bxd5 Qxd5
23.Qa4 Rc6 24.Qb5 f4 25.Rc2 fxg3 26.hxg3 Bd8 27.Rc4 Bc7 28.Qxb7 Bxa5 29.Qb8+ Rf8
30.Qxe5 Qxe5 31.Bxe5 Re8 32.d4 Bb6 33.Rb1 Rce6 34.dxc5 Bxc5 35.Rxc5 Rxe5
36.Rxe5 Rxe5 37.Kf1 Kf7 38.f4 Re3 39.Kf2 Ra3 40.Rb7+ Kf6 41.e4 h5 42.Rb6+ Kf7
43.Rb5 Ra4 44.Rf5+ Kg6 45.Re5 Kf6 46.g4 hxg4 47.Kg3 g5 48.Rf5+ Ke6 49.fxg5 Rxe4
50.Rf2 Ke7 51.Rf6 Ra4 52.Rf1 Rb4 53.Kh4 g3+ 54.Kxg3 Ra4 55.Kh3 Rb4 56.Rf3 Ra4
57.g6  1/2-1/2

[Event "Elista ol (Men)"]
[Site "Elista"]
[Date "1998.10.07"]
[Round "9"]
[White "Muir, Andrew J"]
[Black "Saunders, Walter N R"]
[Result "1/2-1/2"]
[WhiteElo "2305"]
[BlackElo "2155"]

1.c4 e5 2.g3 Nf6 3.Nc3 d5 4.cxd5 Nxd5 5.Nf3 Nc6 6.d3 Be7 7.Bg2 Be6 8.O-O O-O
9.Bd2 Qd7 10.Rc1 f6 11.Na4 Rad8 12.Nc5 Bxc5 13.Rxc5 b6 14.Rc1 Ncb4 15.a3 Na6
16.d4 e4 17.Ne1 f5 18.b4 c5 19.bxc5 bxc5 20.Nc2 c4 21.Ne3 Nxe3 22.Bxe3 Nc7
23.f3 Bd5 24.fxe4 fxe4 25.Bf4 Nb5 26.a4 Nd6 27.Qc2 Rfe8 28.Be5 Qc6 29.Rf4 Nf7
30.Bxe4 Nxe5 31.dxe5 Rxe5 32.Bxd5+ Qxd5 33.Rxc4 Rde8 34.Rd1 Qe6 35.Rc6 Qg4
36.Rd2 h6 37.Qc4+ Qxc4 38.Rxc4 Rxe2 39.Rxe2 Rxe2 40.Rc7 Ra2 41.Rxa7 Kh7 42.Ra6 Kg8
43.Ra7 Kh7 44.a5 Kg8 45.a6 Kh7 46.h4 h5 47.Kf1 Kg6 48.Ke1 Rg2 49.Rb7 Rxg3
50.a7 Ra3 51.Kd2 Kf6 52.Kc2 g5 53.Kb2 Ra4 54.Kb3 Ra1 55.Rb6+ Kf7 56.Rb7+ Kg6
57.hxg5 Kxg5 58.Kb4 Kg4 59.Kb3 Kg5 60.Kb4 Kg4 61.Rg7+ Kf4 62.Rh7 Kg4 63.Rg7+ Kf4
64.Rc7 Rb1+ 65.Kc3 Ra1 66.Kb4 Rb1+ 67.Ka3 Ra1+ 68.Kb3 Ra6 69.Rc4+ Kg3 70.Ra4 Rxa7
71.Rxa7 h4 72.Rg7+ Kf2 73.Rh7 Kg3 74.Kc3 h3 75.Kd3 h2 76.Ke2 Kg2 77.Rg7+ Kh1
78.Rh7 Kg1 79.Kf3 h1=Q+ 80.Rxh1+ Kxh1  1/2-1/2

[Event "NRW Sportland Cup Masters"]
[Site "Senden"]
[Date "1998.10.11"]
[Round "4"]
[White "Bagirov, Vladimir"]
[Black "Raetsky, Alexander"]
[Result "1-0"]
[WhiteElo "2480"]
[BlackElo "2440"]

1.c4 e5 2.g3 c6 3.d4 Bb4+ 4.Bd2 Bxd2+ 5.Qxd2 d6 6.Nc3 Nf6 7.Bg2 O-O 8.e4 Na6
9.Nge2 Bg4 10.f3 Be6 11.b3 Qa5 12.O-O b5 13.cxb5 cxb5 14.Rfd1 b4 15.Na4 Rfc8
16.Bf1 Nc7 17.d5 Bd7 18.Nb2 Qb6+ 19.Kg2 a5 20.Nc4 Qa6 21.a3 bxa3 22.Rxa3 Nb5
23.Rxa5 Qb7 24.Rda1 Rab8 25.Rxb5 Qxb5 26.Nxd6 Qxb3 27.Nxc8 Rxc8 28.Rc1 Rxc1
29.Qxc1 Ne8 30.Qc5 Qb8 31.Ng1 Nd6 32.Kh1 Kf8 33.Bh3 Bb5 34.Qc1 f6 35.Bf1 Bd7
36.Bd3 Qb6 37.Kg2 Ke7 38.Ne2 h6 39.f4 Be8  1-0

[Event "BL2-N9899"]
[Site "Germany"]
[Date "1998.10.18"]
[Round "1.1"]
[White "Lagunow, Alexander"]
[Black "Muse, Mladen"]
[Result "1/2-1/2"]
[WhiteElo "2440"]
[BlackElo "2440"]

1.c4 e5 2.g3 Nf6 3.Bg2 d5 4.cxd5 Nxd5 5.Nc3 Nb6 6.Nf3 Nc6 7.O-O Bg4 8.Rb1 Qd7
9.b4 f6 10.b5 Nd4 11.Nxd4 Qxd4 12.Bxb7 Rd8 13.Ne4 Qc4 14.d3 Qxa2 15.Bd2 Qa4
16.Qxa4 Nxa4 17.f3 Bd7 18.Rfc1 f5 19.Nc3 Rb8 20.Bc6 Bc5+ 21.Kg2 Nb6 22.Ra1 Nc8
23.Nd5 Bd6 24.Be3 Bxc6 25.bxc6 Rb2 26.Kf1 Kf7 27.Bxa7 Ke6 28.Ne3 Nxa7 29.Rxa7 Rb6
30.Rb7 Ra6 31.g4 g6 32.Rc4  1/2-1/2

[Event "Trier"]
[Site "Trier"]
[Date "1998.10.19"]
[Round "1"]
[White "Becker, Marc"]
[Black "Hartvig, Ove Weiss"]
[Result "0-1"]
[WhiteElo "2420"]
[BlackElo "2270"]

1.c4 e5 2.g3 Nc6 3.Bg2 g6 4.Nc3 Bg7 5.d3 f5 6.e3 Nf6 7.Nge2 O-O 8.O-O Kh8
9.Rb1 Ne7 10.b3 c6 11.Ba3 d6 12.Qd2 Be6 13.f4 Re8 14.Rbe1 Qc7 15.e4 Rad8
16.Kh1 a6 17.Rc1 Qb8 18.Bb2 Bg8 19.Qc2 d5 20.Nxd5 Nfxd5 21.exd5 cxd5 22.fxe5 Bxe5
23.Nd4 Bg7 24.Nf3 d4 25.b4 h6 26.Qd2 Qd6 27.a4 g5 28.b5 axb5 29.axb5 b6 30.Ra1 Ng6
31.Ra7 Rd7 32.Rfa1 g4 33.Nxd4 Bxd4 34.Rxd7 Qxd7 35.Bc6 Qg7 36.Ra7 Re7 37.Bxd4 Qxd4
38.Qxh6+ Rh7 39.Rxh7+ Bxh7  0-1

[Event "Trier"]
[Site "Trier"]
[Date "1998.10.20"]
[Round "2"]
[White "Koch, Hans Juergen"]
[Black "Koerholz, Ludger"]
[Result "0-1"]
[WhiteElo "2165"]
[BlackElo "2295"]

1.c4 e5 2.g3 Nf6 3.Bg2 c6 4.Nf3 d6 5.d3 Be7 6.Nc3 O-O 7.O-O Nbd7 8.e4 a6
9.a4 a5 10.Ne1 Nc5 11.h3 Be6 12.f4 Qb6 13.Be3 exf4 14.gxf4 Qxb2 15.Ne2 Qb6
16.Ng3 Rfd8 17.Rb1 Qc7 18.Qc2 Bc8 19.d4 Ncd7 20.e5 Ne8 21.Nf5 Bf8 22.Nf3 g6
23.N5h4 Bg7 24.Ng5 Nf8 25.d5 c5 26.e6 fxe6 27.dxe6 Qe7 28.f5 Bf6 29.Nf7 Bxh4
30.f6 Bxf6 31.Rxf6 Nxf6 32.Nh6+ Kg7 33.Qb2 Nxe6 34.Rf1 Nd4 35.Bxd4 cxd4 36.Qxd4 Qe5
37.Qxe5 dxe5 38.Ng4 Nxg4 39.hxg4 Rd4 40.Rb1  0-1

[Event "Najdorf op"]
[Site "Buenos Aires"]
[Date "1998.10.25"]
[Round "2"]
[White "Altamirano, Benjamin"]
[Black "Urday, Henry"]
[Result "0-1"]
[WhiteElo "2260"]
[BlackElo "2475"]

1.c4 e5 2.g3 Nc6 3.Bg2 g6 4.Nc3 Bg7 5.Rb1 d6 6.b4 h5 7.b5 Nd4 8.e3 Ne6 9.h4 Nh6
10.Nf3 O-O 11.d4 exd4 12.exd4 a6 13.a4 axb5 14.axb5 c5 15.O-O Nf5 16.Nd5 Nfxd4
17.Nxd4 Bxd4 18.Bh6 Re8 19.b6 Bd7 20.Be3 Bc6 21.Bxd4 Bxd5 22.Bf6 Qxf6 23.Qxd5 Re7
24.Rbe1 Nd4 25.Re4 Ra6 26.Rxe7 Qxe7 27.Qxb7 Qxb7 28.Bxb7 Rxb6 29.Bd5 Ne2+
30.Kg2 Kg7 31.Bf3 Nc3 32.Rc1 Rb3 33.Rc2 Kf6 34.Bc6 Rb6 35.Bf3 Na4 36.Rd2 Nb2
37.Bd5 Rb4 38.Rc2 Na4 39.Bf3 Rb2 40.Rc1 Rd2 41.Kf1 Nb2 42.Be2 Ke5 43.Ra1 Rc2
44.Ra7 Ke6 45.g4 hxg4 46.Bxg4+ f5 47.Be2 Nxc4 48.Rg7 Ne5 49.f4 Kf6  0-1

[Event "Bourbon Lancy op"]
[Site "Bourbon Lancy"]
[Date "1998.10.29"]
[Round "7"]
[White "Komljenovic, Davor"]
[Black "Blanvillain, Philippe"]
[Result "1-0"]
[WhiteElo "2480"]
[BlackElo "2260"]

1.c4 e5 2.g3 Nc6 3.Bg2 d6 4.Nc3 Be6 5.Nd5 Nce7 6.Nxe7 Nxe7 7.Bxb7 Rb8 8.Bg2 g6
9.d3 Bg7 10.Nf3 c6 11.O-O h6 12.Rb1 Qc7 13.b4 O-O 14.Bd2 f5 15.Qa4 g5 16.b5 c5
17.Rb3 Nc8 18.Ra3 g4 19.Nh4 Kh7 20.Bc6 Bf6 21.Ng2 Qe7 22.Qc2 h5 23.f3 Kg7
24.Qc1 Rh8 25.e4 h4 26.exf5 Bxf5 27.Ne3 Be6 28.fxg4 hxg3 29.hxg3 Nb6 30.Nf5+ Bxf5
31.Rxf5 Kg8 32.g5 Bg7 33.Qf1 e4 34.dxe4 Bd4+ 35.Be3 Qh7 36.Qg2 Bxe3+ 37.Rxe3 Qg7
38.e5 dxe5 39.Bd5+  1-0

[Event "Najdorf op"]
[Site "Buenos Aires"]
[Date "1998.10.29"]
[Round "6"]
[White "Giardelli, Sergio C"]
[Black "Hernandez, Gilberto"]
[Result "0-1"]
[WhiteElo "2450"]
[BlackElo "2520"]

1.c4 e5 2.g3 d6 3.Bg2 g6 4.Nc3 Bg7 5.d3 f5 6.e3 Nf6 7.Nge2 a5 8.O-O O-O 9.b3 c6
10.Qd2 Na6 11.Bb2 Bd7 12.Rad1 Re8 13.h3 Rc8 14.Kh2 Kh8 15.f4 Nc5 16.e4 b5
17.fxe5 dxe5 18.cxb5 cxb5 19.Nd5 Nxd5 20.exd5 b4 21.Rfe1 Bb5 22.Nc1 Nd7 23.a3 bxa3
24.Bxa3 Nf6 25.d6 Bf8 26.Na2 Bxd6 27.Bxd6 Qxd6 28.Qxa5 Bxd3 29.Nc1 e4 30.Nxd3 exd3
31.Rxe8+ Rxe8 32.Qd2 Rd8 33.Bf1 Qe5 34.Bxd3 Ne4 35.Qg2 f4  0-1

[Event "ISL-ch"]
[Site "Arborg"]
[Date "1998.10.30"]
[Round "4"]
[White "Bjarnason, Saevar"]
[Black "Vidarsson, Jon G"]
[Result "1-0"]
[WhiteElo "2295"]
[BlackElo "2375"]

1.c4 e5 2.g3 Nf6 3.Bg2 Nc6 4.Nc3 Bb4 5.Nd5 Be7 6.Nxe7 Qxe7 7.d3 e4 8.dxe4 Qb4+
9.Bd2 Qxb2 10.Qc1 Qxc1+ 11.Rxc1 O-O 12.Nh3 Re8 13.f3 b6 14.Nf4 Ne5 15.Nd5 Nxd5
16.cxd5 c5 17.dxc6 Nxc6 18.Kf2 Bb7 19.Rhd1 Nd8 20.Bb4 Bc6 21.Bh3 Ne6 22.e5 Ba4
23.Rd3 a5 24.Bd2 Rec8 25.Rd6 Rxc1 26.Bxc1 Bc6 27.f4 b5 28.Be3 g6 29.g4 b4
30.Bg2 Rc8 31.Bxc6 dxc6 32.Kf3 a4 33.f5 Ng7 34.Kf4 Ne8 35.Rd7 Nc7 36.Bd4 b3
37.axb3 axb3 38.e6 Nd5+ 39.Kg5 f6+ 40.Kh6 gxf5 41.gxf5 b2 42.Bxb2 Ne3 43.Bxf6 Nxf5+
44.Kg5  1-0

[Event "Najdorf op"]
[Site "Buenos Aires"]
[Date "1998.10.30"]
[Round "7"]
[White "Sunye Neto, Jaime"]
[Black "Pelikian, Jefferson"]
[Result "1-0"]
[WhiteElo "2520"]
[BlackElo "2415"]

1.c4 e5 2.g3 Nc6 3.Bg2 g6 4.Nc3 Bg7 5.Rb1 a5 6.d3 d6 7.a3 Be6 8.b4 axb4 9.axb4 Qd7
10.b5 Nd8 11.Nd5 Ne7 12.b6 Bxd5 13.cxd5 c6 14.e4 O-O 15.Ne2 c5 16.Nc3 Ra6
17.Rb5 f6 18.Qb3 Nf7 19.O-O Bh6 20.Bxh6 Nxh6 21.Na4 Nf7 22.Nb2 Kg7 23.Nc4 Rfa8
24.Rb1 h5 25.Qd1 h4 26.f4 hxg3 27.hxg3 Ra2 28.R5b2 Ng8 29.Rxa2 Rxa2 30.Qf3 Ngh6
31.Rf1 exf4 32.gxf4 Qe7 33.Qg3 Kh7 34.Bh3 Ra4 35.Re1 Qd8 36.Be6 g5 37.Rf1 Qa8
38.Bxf7 Nxf7 39.fxg5 Nxg5 40.Rxf6 Ra1+ 41.Kg2 Ra2+ 42.Rf2 Rxf2+ 43.Qxf2 Qd8
44.Qf5+ Kg7 45.Nxd6 Nh3 46.Qxh3 Qxd6 47.Qg3+  1-0

[Event "Wch U16"]
[Site "Oropesa del Mar"]
[Date "1998.10.31"]
[Round "6"]
[White "Rahimbekov, S."]
[Black "Salvador, Roland"]
[Result "1-0"]
[WhiteElo "2305"]
[BlackElo "2135"]

1.c4 e5 2.g3 g6 3.Bg2 Bg7 4.Nc3 c6 5.e3 Ne7 6.Nge2 d5 7.cxd5 cxd5 8.d4 e4
9.O-O g5 10.f4 h6 11.Qb3 O-O 12.f5 Bxf5 13.Nxd5 Be6 14.Nxe7+ Qxe7 15.d5 Bc8
16.Nc3 f5 17.g4 Kh8 18.Bd2 Na6 19.Ne2 Nc5 20.Qa3 b6 21.Ng3 Qd6 22.Bc3 Qxd5
23.Nh5 Be5 24.Rad1 Qe6 25.Bxe5+ Qxe5 26.Rd5 Qe7 27.Qc3+ Kg8 28.b4 Na4 29.Qd4 Be6
30.Rd6 Rad8 31.Rxe6 Rxd4 32.Rxe7 Rxb4 33.gxf5  1-0

[Event "Wch U18"]
[Site "Oropesa del Mar"]
[Date "1998.10.31"]
[Round "6"]
[White "Bursteinas, Romanas"]
[Black "Ibrahimov, Rasul"]
[Result "0-1"]
[WhiteElo "2295"]
[BlackElo "2365"]

1.c4 e5 2.g3 Nc6 3.Bg2 g6 4.Nc3 Bg7 5.e3 d6 6.Nge2 Nf6 7.O-O O-O 8.d3 Be6
9.e4 Nd7 10.Be3 f5 11.exf5 gxf5 12.f4 Nf6 13.Kh1 Qd7 14.Nd5 a6 15.d4 Ne4
16.dxe5 dxe5 17.fxe5 Nxe5 18.Rc1 Ng4 19.Qb3 b5 20.Rcd1 bxc4 21.Qb7 Rab8 22.Qxc7 Qxc7
23.Nxc7 Nxe3 24.Nxe6 Nxd1 25.Bxe4 fxe4  0-1

[Event "Corsican op"]
[Site "Bastia"]
[Date "1998.11.01"]
[Round "2"]
[White "Shchekachev, Andrei"]
[Black "Elbilia, Jacques"]
[Result "1-0"]
[WhiteElo "2560"]
[BlackElo "2360"]

1.c4 e5 2.g3 Nf6 3.Bg2 Nc6 4.Nc3 Bc5 5.a3 a6 6.e3 d6 7.Nge2 O-O 8.h3 Ba7
9.b4 h6 10.Bb2 Re8 11.d3 Ne7 12.O-O c6 13.d4 exd4 14.Nxd4 d5 15.cxd5 Nfxd5
16.Nxd5 Nxd5 17.e4 Nc7 18.Rc1 Nb5 19.Nb3 Be6 20.Nc5 Bxc5 21.bxc5 Qa5 22.Qh5 Qd2
23.Ba1 Rad8 24.Rfd1 Qg5 25.Qf3 Rxd1+ 26.Rxd1 Qxc5 27.a4 Nc7 28.Qf4 Qe7 29.Qe5 f6
30.Qc3 Rd8 31.Rb1 Ne8 32.Kh2 Nd6 33.e5 fxe5 34.Qxe5 Ne8 35.Re1 Nc7 36.Be4 Qf7
37.Bf3 Re8 38.Qd4 Bd5 39.Bh5 Rxe1 40.Bxf7+ Kxf7 41.Qxg7+ Ke8 42.g4 Ne6 43.Qh8+ Kd7
44.Be5 Ng5 45.Qg7+ Ke8 46.Qh8+ Kd7 47.Qg7+ Ke8 48.Kg3 Rg1+ 49.Kh4 Bf7 50.Qh8+ Kd7
51.Qf6  1-0

[Event "DEN-chT 9899"]
[Site "Denmark"]
[Date "1998.11.01"]
[Round "1"]
[White "Pedersen, Finn"]
[Black "Christensen, Stefan"]
[Result "1-0"]
[WhiteElo "2295"]
[BlackElo "2195"]

1.g3 e5 2.c4 Nf6 3.Bg2 d5 4.cxd5 Nxd5 5.d3 Nc6 6.Nf3 Be7 7.O-O O-O 8.Bd2 Be6
9.Nc3 Qd7 10.Rc1 f6 11.Ne4 Rfd8 12.Nc5 Bxc5 13.Rxc5 Nce7 14.b4 Rac8 15.a4 Nb6
16.a5 Na8 17.Qa1 c6 18.Rcc1 Nc7 19.Be3 Nb5 20.Qb2 Nf5 21.Nd2 Nfd4 22.Ne4 b6
23.axb6 axb6 24.Nc3 Nxc3 25.Rxc3 Bd5 26.Bxd5+ Qxd5 27.Rc4 c5 28.Rfc1 Rc7
29.bxc5 bxc5 30.f3 Rb7 31.Qa2 Rdb8 32.Bxd4 exd4 33.R1c2 Rc7 34.Kf2 Kh8 35.Qa5 Rbc8
36.Rb2 h6 37.Rb5 Qh5 38.h4 Qe5 39.Qd2 Kh7 40.e3 dxe3+ 41.Qxe3 Qd6 42.Qe4+ Kh8
43.Qf5 Qa6 44.Rb2 Qa1 45.Re2 Qh1 46.f4 Qh2+ 47.Kf3 Qh1+ 48.Kg4 Rf8 49.h5 g6
50.hxg6 Kg7 51.Rxc5 Rb7 52.Rd5  1-0

[Event "Corsican op"]
[Site "Bastia"]
[Date "1998.11.04"]
[Round "9"]
[White "Foisor, Cristina Adela B"]
[Black "Skembris, Spyridon"]
[Result "1-0"]
[WhiteElo "2405"]
[BlackElo "2480"]

1.c4 e5 2.g3 Nf6 3.Bg2 Nc6 4.Nf3 d5 5.cxd5 Nxd5 6.O-O Nb6 7.Nc3 Be7 8.a3 O-O
9.b4 a6 10.d3 Be6 11.Rb1 f6 12.Nd2 Qd7 13.Nb3 Nd5 14.Bb2 Rad8 15.Ne4 Qc8
16.Nec5 Bxc5 17.Nxc5 Bf7 18.Rc1 Nd4 19.e3 Ne6 20.Qc2 c6 21.Nxe6 Bxe6 22.Rfd1 Bh3
23.Bh1 Qe6 24.d4 exd4 25.Bxd4 f5 26.Re1 Qf7 27.Rcd1 Bg4 28.Rd2 Qh5 29.Bg2 Bf3
30.Bxf3 Qxf3 31.Qd1 Qxd1 32.Rexd1 Rde8 33.Rd3 Rf7 34.Bc5 Rf6 35.Rb1 Rfe6
36.a4 Re4 37.Bd4  1-0

[Event "Chigorin mem"]
[Site "St. Petersburg"]
[Date "1998.11.07"]
[Round "7"]
[White "Novgorodskij, Vladimir"]
[Black "Skrivanek, Jan"]
[Result "1-0"]
[WhiteElo "2405"]
[BlackElo "2235"]

1.c4 e5 2.g3 Nf6 3.Bg2 Be7 4.Nc3 O-O 5.e4 d6 6.Nge2 Nc6 7.O-O Be6 8.Nd5 Qd7
9.d4 Bg4 10.f3 Bh3 11.Bxh3 Qxh3 12.Nxc7 Rac8 13.Nd5 Nxd5 14.exd5 Nxd4 15.Nxd4 exd4
16.Qxd4 Bf6 17.Qd3 b6 18.Rf2 Rfe8 19.Bf4 Rcd8 20.Rd1 Re7 21.Qf1 Qc8 22.Kg2 Qc5
23.Rb1 Rde8 24.b4 Qc7 25.Qd3 Qd7 26.Rc1 Be5 27.Bg5 f6 28.Bd2 f5 29.Bg5 Rf7
30.Re1 f4 31.Rfe2 fxg3 32.hxg3 Ref8 33.f4 Qg4 34.Rh1 h6 35.Rh4 Qf5 36.Qxf5 Rxf5
37.fxe5 hxg5 38.Rhe4 dxe5 39.Rxe5  1-0

[Event "BEL-chT9899"]
[Site "Antwerp"]
[Date "1998.11.08"]
[Round "2"]
[White "Tonoli, Walter"]
[Black "Schuermans, Robert"]
[Result "0-1"]
[WhiteElo "2245"]
[BlackElo "2165"]

1.c4 e5 2.g3 Nf6 3.Bg2 Nc6 4.Nc3 Bb4 5.Nd5 Bc5 6.e3 O-O 7.Ne2 Nxd5 8.cxd5 Ne7
9.d4 exd4 10.Nxd4 d6 11.O-O Nf5 12.Nb3 Bb6 13.a4 a6 14.e4 Ne7 15.Nd2 Ba7
16.Nc4 Ng6 17.h3 Bd7 18.b3 b5 19.Ne3 bxa4 20.bxa4 Rb8 21.Qe2 Qf6 22.Ra2 a5
23.Bb2 Bd4 24.Bxd4 Qxd4 25.Rc1 Ne5 26.f4 Rb3 27.fxe5 Rxe3 28.Qf2 dxe5 29.Rxc7 f5
30.Rd2 Qb6 31.Rb7 Qxb7 32.Qxe3 Qb1+ 33.Kh2 f4 34.gxf4 exf4 35.Qc3 Qe1 36.Rd3 Qh4
37.Rf3 Bg4 38.Rf1 f3 39.Qe1 f2 40.Qb1 Be2  0-1

[Event "SLO-chT"]
[Site "Bled"]
[Date "1998.11.10"]
[Round "4"]
[White "Polajzer, Danilo"]
[Black "Jeric, Simon"]
[Result "0-1"]
[WhiteElo "2420"]
[BlackElo "2345"]

1.c4 e5 2.g3 c5 3.Bg2 g6 4.Nc3 Bg7 5.a3 Ne7 6.b4 d6 7.Rb1 Nbc6 8.b5 Na5 9.d3 O-O
10.Nd5 Nxd5 11.Bxd5 Rb8 12.Bd2 b6 13.Bxa5 bxa5 14.Nf3 Bg4 15.Nd2 Bh6 16.Ne4 Bh3
17.e3 Kh8 18.g4 f5 19.gxf5 Rxf5 20.Rg1 Rf8 21.Rg3 Bf5 22.Ke2 Bxe4 23.Bxe4 Bg5
24.Qg1 Bh4 25.Rg2 Qc7 26.f3 Rg8 27.Rg4 Qe7 28.Qd1 g5 29.Qd2 h5 30.Rg2 Qc7
31.Qc3 Rg7 32.Bd5 Rf8 33.Rbg1 Kh7 34.Kd2 Qb6 35.Kc2 Kh6 36.Be4 Rgf7 37.Kd1 Qd8
38.Ke2 Rf6 39.Bd5 g4 40.fxg4 Rf2+ 41.Rxf2 Rxf2+ 42.Kd1 Qg5 43.Rg2 Rxg2 44.Bxg2  0-1

[Event "BEL-chT9899"]
[Site "Antwerp"]
[Date "1998.11.22"]
[Round "3"]
[White "Tonoli, Walter"]
[Black "Thirion, Marcel"]
[Result "1/2-1/2"]
[WhiteElo "2245"]
[BlackElo "2220"]

1.c4 e5 2.g3 Nf6 3.Bg2 Nc6 4.Nc3 Bb4 5.Nd5 Bc5 6.e3 O-O 7.Ne2 a6 8.d4 Ba7
9.b3 d6 10.dxe5 Nxd5 11.cxd5 Nxe5 12.O-O Bg4 13.f4 Nd7 14.Kh1 Qf6 15.Bd2 Qg6
16.Bf3 Bxf3+ 17.Rxf3 Qh5 18.Nc3 Nf6 19.Kg2 Nxd5 20.e4 Nf6 21.Rd3 Qxd1 22.Rxd1 Rfe8
23.Kf3 Re7 24.Be3 Bxe3 25.Rxe3 h5 26.h3 Rd7 27.g4 c6 28.g5 Ne8 29.Red3 g6
30.Na4 Rad8 31.Nb6 Re7 32.Nc4 Red7 33.Nb6 Rc7 34.Nc4 Rcd7  1/2-1/2

[Event "Owens Corning"]
[Site "Wrexham"]
[Date "1998.11.23"]
[Round "6"]
[White "Webster, Andrew"]
[Black "Brynell, Stellan"]
[Result "0-1"]
[WhiteElo "2420"]
[BlackElo "2485"]

1.c4 e5 2.g3 Nf6 3.Bg2 c6 4.d4 Bb4+ 5.Bd2 Bxd2+ 6.Qxd2 d6 7.Nc3 Qe7 8.Nf3 O-O
9.O-O Re8 10.e4 a6 11.Rfe1 b5 12.c5 dxc5 13.dxe5 Ng4 14.Rad1 Nd7 15.b3 Nf8
16.Nh4 Qxe5 17.f4 Qc7 18.h3 Nh6 19.g4 f6 20.e5 fxe5 21.f5 Nf7 22.Ne4 Qe7
23.g5 Rd8 24.f6 Qc7 25.Qe3 g6 26.Qxc5 Be6 27.Nd6 Rxd6 28.Rxd6 Qxd6 29.Qxd6 Nxd6
30.Rxe5 Rc8 31.Rc5 Nd7  0-1

[Event "NRW-Liga I 9899"]
[Site "GER"]
[Date "1998.12.03"]
[Round "3"]
[White "Sachs, Hans Martin"]
[Black "Waechtler, Frank"]
[Result "1/2-1/2"]
[WhiteElo "1962"]
[BlackElo "2230"]

1.c4 e5 2.g3 Nf6 3.Bg2 Bc5 4.Nc3 Nc6 5.d3 d6 6.Nf3 h6 7.a3 a6 8.O-O Be6 9.b4 Bb6
10.Rb1 O-O 11.Nd2 Qd7 12.Nd5 Bxd5 13.cxd5 Ne7 14.e4 Ba7 15.Nc4 b5 16.Ne3 g6
17.Qf3 Kg7 18.Bb2 Nh7 19.Rbc1 f5 20.d4 Bxd4 21.Bxd4 exd4 22.Nc2 Ng5 23.Qd3 fxe4
24.Bxe4 Nxe4 25.Qxe4 Nf5 26.Nxd4 Nxd4 27.Qxd4+ Kh7 28.Rc3 Rf7 29.Rfc1 Raf8
30.h4 h5 31.Qa7 Qf5 32.Rxc7 Qxd5 33.Rxf7+ Rxf7 34.Rc7 Qd1+ 35.Kh2 Rxc7 36.Qxc7+ Kh6
37.Qd8 Qd4 38.Kg2 d5 39.Qg5+  1/2-1/2

[Event "SVK-chT2A 9899"]
[Site "SVK"]
[Date "1998.12.05"]
[Round "5"]
[White "Machata, Martin"]
[Black "Janos, Jozef"]
[Result "1/2-1/2"]
[WhiteElo "2140"]
[BlackElo "2185"]

1.g3 e5 2.c4 Nc6 3.Bg2 Bc5 4.Nc3 Nf6 5.e3 d6 6.Nge2 O-O 7.O-O Bf5 8.d4 Bb6
9.d5 Ne7 10.e4 Bg6 11.h3 a5 12.g4 Nd7 13.Ng3 f6 14.Qe2 Bf7 15.h4 Ng6 16.h5 Nf4
17.Qf3 Nxg2 18.Kxg2 Bd4 19.Bd2 Nb6 20.b3 Be8 21.Qd3 c6 22.Nf5 Bxc3 23.Bxc3 cxd5
24.cxd5 Bd7 25.Ne3 g6 26.hxg6 hxg6 27.Rh1 Rf7 28.Rag1 Rg7 29.f3 a4 30.b4 Rc8
31.Bd2 Be8 32.Kf2 Rgc7 33.Rh2 Rh7 34.Rxh7 Kxh7 35.Rh1+ Kg8 36.Kg3 Bd7 37.Qe2 Qe7
38.Rc1 Rxc1 39.Bxc1 Be8 40.Qc2 Qd8 41.Kf2 Bd7 42.Qc3 Kf7 43.Nc4  1/2-1/2

[Event "ROM-ch (Women)"]
[Site "Sovata"]
[Date "1998.12.08"]
[Round "5"]
[White "Foisor, Cristina Adela B"]
[Black "Bilciu, Claudia"]
[Result "1-0"]
[WhiteElo "2405"]
[BlackElo "2095"]

1.c4 e5 2.g3 Nf6 3.Bg2 g6 4.Nc3 Bg7 5.Nf3 d6 6.O-O O-O 7.d3 Re8 8.e4 h6 9.h3 Be6
10.Rb1 c6 11.Re1 Nfd7 12.b3 f5 13.Bb2 Nf8 14.Qd2 Qd7 15.Kh2 c5 16.a3 Nc6
17.Nd5 fxe4 18.dxe4 Nd4 19.Nxd4 cxd4 20.a4 Nh7 21.f4 Rf8 22.Rf1 Rac8 23.fxe5 dxe5
24.Ba3 Rxf1 25.Rxf1 Re8 26.Re1 g5 27.a5 Bf8 28.Bb2 Bg7 29.b4 Rf8 30.b5 Nf6
31.Ba3 Re8 32.Bc5 a6 33.bxa6 bxa6 34.Bb6 Rc8 35.Qb4 Bxd5 36.exd5 Bf8 37.c5 Re8
38.d6 Kg7 39.Qc4 Qe6 40.Qxa6 Nd5 41.Qb7+  1-0

[Event "Skopje op"]
[Site "Skopje"]
[Date "1998.12.12"]
[Round "1"]
[White "Popchev, Milko"]
[Black "Brankovic, Dusan"]
[Result "1-0"]
[WhiteElo "2495"]
[BlackElo "2155"]

1.g3 e5 2.c4 Bc5 3.Bg2 Nc6 4.Nc3 Nf6 5.a3 a5 6.e3 d6 7.Nge2 h5 8.d4 Bb6 9.h3 exd4
10.exd4 Bf5 11.Bg5 Qd7 12.Bxf6 gxf6 13.Nd5 O-O-O 14.Nxb6+ cxb6 15.Kf1 Rde8
16.Nc3 Kb8 17.Qd2 h4 18.g4 Bxg4 19.hxg4 Qxg4 20.Qd1 Qf5 21.Bh3 Qf4 22.Nd5 Qe4
23.Bg2 Qf5 24.Rh3 Qg5 25.Ne3 Rhg8 26.Qf3 b5 27.b3 Re7 28.Rd1 a4 29.Nf5 Rc7
30.cxb5 Na5 31.bxa4 Nc4 32.Ne3 Nb2 33.Rb1 Nxa4 34.b6 Rc6 35.Qf5 Rxb6 36.Rxb6 Nxb6
37.Qe4 d5 38.Qxh4 Nc4 39.Qxg5 Rxg5 40.Rh7  1-0

[Event "Gudmundur Arason op 4th"]
[Site "Hafnarfjordur"]
[Date "1998.12.15"]
[Round "2"]
[White "Edvardsson, Kristjan"]
[Black "Asgeirsson, Heimir"]
[Result "1-0"]
[WhiteElo "2220"]
[BlackElo "2115"]

1.c4 e5 2.g3 g6 3.Bg2 Bg7 4.Nc3 Nc6 5.e3 d6 6.Nge2 Be6 7.Nd5 Nf6 8.O-O O-O
9.d4 exd4 10.exd4 Bxd5 11.cxd5 Ne7 12.Qb3 Rb8 13.Bf4 Qd7 14.Rac1 h6 15.Rc2 c6
16.Qa3 Rfd8 17.dxc6 bxc6 18.Rfc1 Nfd5 19.Bd2 Rdc8 20.Qa4 Rb5 21.b3 Rcb8 22.Qc4 Nb4
23.Bxb4 Rxb4 24.Bxc6 Qf5 25.Qc3 Nxc6 26.Qxc6 Bxd4 27.Nxd4 Rxd4 28.Re2 Kh7
29.Qc7 Rf8 30.Qxa7 Rd3 31.Qe7 Kg7 32.Qe4 Qxe4 33.Rxe4 Rd2 34.a4 d5 35.Ree1 Rb8
36.Rb1 Rd3 37.b4 Rd4 38.a5 Rdxb4 39.Rxb4 Rxb4 40.Ra1 Rb7 41.Kf1 Kf6 42.a6 Ra7
43.Ke2 Ke5 44.Ke3 h5 45.h4 f6 46.Ra5 g5 47.f3 Ke6 48.Kd4 gxh4 49.gxh4 Kf5
50.Kxd5 Kf4 51.Ra4+ Kxf3 52.Ke6 Kg3 53.Kxf6  1-0

[Event "BEL-chT9899"]
[Site "Antwerp"]
[Date "1998.12.20"]
[Round "5"]
[White "Beeckmans, Felix"]
[Black "Talon, Alain"]
[Result "1-0"]
[WhiteElo "2210"]
[BlackElo "2110"]

1.c4 e5 2.g3 g6 3.Bg2 Bg7 4.Nc3 Nc6 5.Rb1 a5 6.a3 d6 7.d3 Nf6 8.Nf3 O-O 9.b4 axb4
10.axb4 h6 11.O-O Be6 12.b5 Ne7 13.Bb2 b6 14.Ra1 Rc8 15.Qb3 Qd7 16.Rfd1 Bh3
17.Bh1 Nh7 18.d4 exd4 19.Nxd4 Nf5 20.Bc6 Qd8 21.Nxf5 Bxf5 22.Nd5 Bxb2 23.Qxb2 Be6
24.Ra7 Bxd5 25.Rxd5 Ng5 26.Rd3 Ne6 27.Rf3 Ng5 28.Re3 Ne6 29.h4 h5 30.Rf3 Ng7
31.Bb7 Rb8 32.Bd5 Nf5 33.Be4 Ng7 34.Qf6 Qxf6 35.Rxf6 Rbe8 36.Bd5 Rxe2 37.Rxc7 Ne8
38.Rxg6+ Kh7 39.Rxf7+ Kxg6 40.Rxf8 Nf6 41.Rd8  1-0

[Event "BEL-chT9899"]
[Site "Antwerp"]
[Date "1998.12.20"]
[Round "5"]
[White "Deleyn, Gunter"]
[Black "Thirion, Marcel"]
[Result "1/2-1/2"]
[WhiteElo "2220"]
[BlackElo "2220"]

1.c4 e5 2.g3 Nf6 3.Bg2 Nc6 4.Nc3 Bb4 5.Nd5 Bc5 6.d3 h6 7.Nf3 d6 8.O-O O-O
9.a3 a5 10.Nd2 Bg4 11.Kh1 Nxd5 12.cxd5 Nd4 13.f3 Bd7 14.Ne4 Bb6 15.e3 Nf5
16.Qe2 f6 17.Bd2 Ne7 18.f4 Nxd5 19.Nxd6 Nxf4 20.gxf4 cxd6 21.Bxb7 Ra7 22.Bd5+ Kh8
23.f5 Be8 24.Rg1 Bf7 25.Qg2 Bxd5 26.Qxd5 Qa8 27.Qxa8 Rfxa8 28.Rac1 a4 29.Rc6 Bc5
30.Rc1 Rb7 31.Rc2 Rb3 32.Bc3 Bxe3 33.Rxd6 Rbb8 34.Re2 Bf4 35.Re4 Bc1 36.Rb4 Rxb4
37.axb4 a3 38.bxa3 Rxa3 39.Rd8+ Kh7 40.Rc8 Be3 41.Rc4 Rb3 42.Kg2 Bd2 43.Bxd2 Rb2
44.Kf3 Rxd2 45.h4 Rxd3+ 46.Ke4 Rd1 47.h5 Rd2 48.Ke3 Rd1 49.Ke2 Rb1 50.Rh4 Kg8
51.Kd3 Kf8 52.Kc4 Ke7 53.Rg4 Kd6 54.Rxg7 e4 55.Rg6 Ke5 56.Rxh6 Kxf5 57.Rh8 Rc1+
58.Kd4 Kf4 59.h6 Rd1+ 60.Kc3 e3 61.h7 Rh1 62.Rf8 e2 63.Re8 Kf5 64.Kd2 Rxh7
65.Re3 Kf4 66.Kxe2 Rb7 67.Rb3 Ke4 68.b5 Rb6 69.Rb4+ Kd5 70.Kf3 Kc5 71.Rb1  1/2-1/2

[Event "BEL-chT9899"]
[Site "Antwerp"]
[Date "1998.12.20"]
[Round "5"]
[White "Tonoli, Walter"]
[Black "Van Herck, Marcel"]
[Result "0-1"]
[WhiteElo "2245"]
[BlackElo "2215"]

1.c4 e5 2.g3 Nc6 3.Bg2 g6 4.Nc3 Bg7 5.e4 d6 6.Nge2 Nge7 7.d3 O-O 8.O-O Be6
9.Rb1 a5 10.Nd5 Nd4 11.Nxd4 exd4 12.Bg5 f6 13.Bd2 c6 14.Nf4 Bd7 15.Re1 Qc8
16.Qc2 g5 17.Ne2 c5 18.f4 h6 19.b3 Ng6 20.a3 Bc6 21.b4 axb4 22.axb4 b6 23.Rf1 Qd7
24.Ra1 Rxa1 25.Rxa1 f5 26.b5 Ba8 27.fxg5 fxe4 28.gxh6 exd3 29.Qxd3 Ne5 30.hxg7 Qxg7
31.Qb1 Bxg2 32.Kxg2 Qb7+ 33.Kh3 Qd7+ 34.Kg2 Qb7+ 35.Kh3 Rf2  0-1

[Event "Groningen op"]
[Site "Groningen"]
[Date "1998.12.23"]
[Round "4"]
[White "Schlosser, Philipp"]
[Black "Khurtsidze, Nino"]
[Result "1-0"]
[WhiteElo "2505"]
[BlackElo "2375"]

1.c4 e5 2.g3 d6 3.Nc3 Nf6 4.Bg2 c6 5.e4 Be6 6.d3 a5 7.Nge2 Na6 8.h3 g6 9.O-O Qd7
10.Kh2 h5 11.f4 Bg7 12.b3 c5 13.Bb2 Nc7 14.Qd2 Ng8 15.Rae1 Ne7 16.Na4 f6
17.Nb6 Qd8 18.Nxa8 Nxa8 19.a3 Nc6 20.Bc3 b6 21.b4  1-0